| 000 | 00379nam a2200169Ia 4500 | ||
|---|---|---|---|
| 005 | 20240823043912.0 | ||
| 008 | 240823s9999||||xx |||||||||||||| ||und|| | ||
| 041 | _aENGLISH | ||
| 082 | _A808.51 Q0 | ||
| 100 | _aJoice P Jose | ||
| 245 | 0 | _aPublic Speaking | |
| 250 | _a1st | ||
| 260 |
_c2010 _bSharon |
||
| 500 | _aTRANSFERED | ||
| 650 |
_aGeneral _bGeneral |
||
| 942 | _cBK | ||
| 999 |
_c211308 _d211308 |
||